Mixed Word: Big 4 Categories Quiz Stats

 Plays Quiz Updated Apr 14, 2012

Support Sporcle.
Go Orange.
Score 0/20 Timer 05:00
0 Plays Today
Answer % Correct
DUNK
98.6%
PUCK
98.4%
WALK
97.7%
SACK
97.2%
HOME RUN
97%
BLITZ
97%
FREE THROW
96.6%
FIELD GOAL
96.6%
SLAP SHOT
96.3%
POINT GUARD
95.5%
Answer % Correct
TRAVEL
91.6%
DRIBBLE
90.3%
ERROR
88.4%
DOUBLE
88.2%
SINGLE
86%
SAFETY
85.1%
SKATE
83.8%
ZAMBONI
79.9%
GOALTENDER
66%
LINEBACKER
39.1%

From the Vault

Song by Opening Lyrics (1980s)

by stanvick

Music 20m
If Billy Joel had sung all of these songs, the world would be a very different place.
Remove Ads.
Support Sporcle.
Get the best of Sporcle when you Go Orange. This ad-free experience offers more features, more stats, and more fun while also helping to support Sporcle. Thank you for becoming a member.

Show Comments

Extras

Top Quizzes Today


Score Distribution

Your Account Isn't Verified!

In order to create a playlist on Sporcle, you need to verify the email address you used during registration. Go to your Sporcle Settings to finish the process.

Report this User

Report this user for behavior that violates our Community Guidelines.

Details: